000 00756cam a22002773a 4500
001 10743
003 PGUSA
005 20140828083228.0
008 040101s2004||||xxu|||||s|||||000 1 eng d
040 _aPGUSA
_beng
042 _adc
050 4 _aPR
050 4 _aPZ
100 1 _aFalkner, John Meade,
_d1858-1932
245 1 0 _aMoonfleet
_h[electronic resource] /
_cJohn Meade Falkner
260 _bProject Gutenberg,
_c2004
506 _aPublic domain in the USA.
516 _aElectronic text
653 _aAdventure stories
653 _aSmugglers -- Fiction
653 _aEngland -- Fiction
653 _aTreasure troves -- Fiction
830 0 _aProject Gutenberg
_v10743
856 4 0 _uhttp://www.gutenberg.org/ebooks/10743
942 _cEB
999 _c239998
_d239998